| 000 | 01092nam a22001937a 4500 | ||
|---|---|---|---|
| 005 | 20260127144359.0 | ||
| 008 | 230714b ||||| |||| 00| 0 eng d | ||
| 040 |
_cSSBUL _dSSBUL |
||
| 082 |
_223 _a၃၅၅.၀၀၉၅၉၁ ဘုန်း ၁၆၀၀၄ (S-SAT) |
||
| 100 |
_aဘုန်းကျော်၊ _cနတ်မောက်။ _917722 |
||
| 245 |
_aရှေးခေတ်မြန်မာ့တပ်မတော်မှတ်စုများ / _cနတ်မောက် ဘုန်းကျော်။ |
||
| 260 |
_aရန်ကုန်၊ _bစာပေဗိမာန်၊ _c၁၉၆၇။ |
||
| 300 |
_a၁၄၉ စာမျက်နှာ၊ _c၁၈ စင်တီ။ |
||
| 440 |
_aစာပေဗိမာန်ထုတ်ပြည်သူ့လက်စွဲစာစဉ်။ _927757 |
||
| 500 | _aS-SAT: Dr. Prof Sai Aung Tun | ||
| 504 | _6ကျမ်းကိုးစာရင်းပါရှိသည်။ | ||
| 651 |
_aမြန်မာနိုင်ငံ _xတပ်မတော်သမိုင်း။ _928032 |
||
| 942 |
_2ddc _cBK1 |
||
| 999 |
_c27234 _d27234 |
||